LEADER 01220nam0 2200349 450 001 9910737800603321 005 20240308162850.0 010 $a979-12-5976-730-1 100 $a20230905d2023----km y0itay50 ba 101 0 $aita 102 $aIT 105 $ay 001yy 200 1 $aEmergenza e compatibilità costituzionale tra limitazione dei diritti, concentrazione dei poteri e sicurezza$fSara Lieto 210 $aNapoli$cEditoriale Scientifica$dc2023 215 $a329 p.$d23 cm 225 1 $aRicerche giuridiche$enuovissima serie$v303 610 0 $aStato di emergenza$aItalia$aDiritto costituzionale 676 $a342.4504$v23$zita 700 1$aLieto,$bSara$0513439 801 0$aIT$bUNINA$gREICAT$2UNIMARC 901 $aBK 912 $a9910737800603321 952 $aVIII A 137a$b887 cos$fDDCIC 952 $aVIII A 137b$b888 cos$fDDCIC 952 $aVIII A 137c$b889 cos$fDDCIC 952 $aVIII A 137d$b890 cos$fDDCIC 952 $aVIII A 137e$b891 cos$fDDCIC 952 $aCOLL. 357 (303)$b2023/1884$fFGBC 959 $aFGBC 959 $aDDCIC 996 $aEmergenza e compatibilità costituzionale tra limitazione dei diritti concentrazione dei poteri e sicurezza$93529462 997 $aUNINA